Adaptive control processes : a guided tour /
Guardado en:
| Autor Principal: | |
|---|---|
| Formato: | Libro |
| Idioma: | English |
| Publicado: |
Princeton, N. J. :
Princeton University Press,
1961.
|
| Etiquetas: |
Agregar Etiqueta
Sin Etiquetas, Sea el primero en etiquetar este registro!
|
| LEADER | 00518nam a22001575a 4500 | ||
|---|---|---|---|
| 001 | MAT.inmabb001441 | ||
| 008 | 031209s1961####nju###########001#0#eng#d | ||
| 005 | 20170816135525.0 | ||
| 245 | 1 | 0 | |a Adaptive control processes : |b a guided tour / |c by Richard Bellman. |
| 260 | |a Princeton, N. J. : |b Princeton University Press, |c 1961. | ||
| 300 | |a xvi, 255 p. ; |c 25 cm. | ||
| 510 | 4 | |a MR, |c 24 #B456 | |
| 100 | 1 | |a Bellman, Richard Ernest, |d 1920-1984. | |
| 084 | |a 93.70 |2 MR | ||
| 010 | |a 60005740 | ||
| 859 | |h 93 |i B445a |p A-1733 |b BIB. MATEMATICA | ||
